H Movies by Plot Summaries Quiz Stats

 Plays Quiz not verified by Sporcle

Challenge
Share
Tweet
Score 0/22 Timer 04:00
0 Plays Today
% Correct
Happy Feet
96.1%
Hercules
92.4%
The Help
91.6%
Hotel Rwanda
91.1%
The Hurt Locker
90.4%
The Hustler
86.1%
Hoosiers
84.4%
Her
83.5%
How the West Was Won
83.2%
Heaven Can Wait
81.4%
Hannah and Her Sisters
80.9%
% Correct
Hugo
79.1%
Harvey
78.7%
High Noon
75.3%
Harry and Tonto
66.5%
The Hours
61.4%
House of Sand and Fog
59.5%
Hope Floats
54.6%
Hello, Dolly
54.4%
Howards End
46.8%
Hud
43.1%
Hush....Hush, Sweet Charlotte
39.4%

You're not logged in!

Compare scores with friends on all Sporcle quizzes.
Join for Free
OR
Log In

You Might Also Like...

Show Comments

Extras

Top Quizzes Today


Score Distribution

Your Account Isn't Verified!

In order to create a playlist on Sporcle, you need to verify the email address you used during registration. Go to your Sporcle Settings to finish the process.

Report this User

Report this user for behavior that violates our Community Guidelines.

Details: